Uma mão cheia de nada outra de coisa nenhuma (Registo nº 330)

Detalhes MARC
000 -Etiqueta do registo
Cabeçalho 00910nam0a2200289 4500
005 - Identificador da versão
Campo de controlo 20240813121800.0
010 ## - Número internacional normalizado dos livros (ISBN)
Número (ISBN) 9722324934
021 ## - Número do Depósito Legal
Código do país PT
Número 181450/02
100 ## - Dados gerais de processamento
Dados gerais de processamento 20150625d2002 de y0pory5003 ba
102 ## - Pais de publicação ou produção
País de publicação Portugal
101 0# - Língua de publicação
Língua do texto, banda sonora, etc. Português
215 ## - Descrição física 
Indicação específica da natureza do documento e extensão da espécie 134, [1] p
200 1# - Titulo e menção de responsabilidade
Título próprio Uma mão cheia de nada outra de coisa nenhuma
Informação de outro título historietas
Primeira menção de responsabilidade Irene Lisboa
Outras menções de responsabilidade org. e not. introd. Paula Morão
-- pref. Violante Florêncio
225 2# - Colecção 
Título próprio da colecção Estrela do mar
Indicação de volume 7
205 ## - Menção da edição
Menção da edição 7ª ed
210 ## - Publicação, Distribuição, etc. 
Lugar da edição, distribuição, etc. Barcarena
Nome do editor, distribuidor, etc. Presença
Data da publicação, distribuição, etc. 2002
300 ## - Notas gerais 
Texto da nota Metas Curriculares
606 ## - Nome comum usado como assunto
Número de registo de entrada de autoridade 0002010
Palavra de ordem Literatura portuguesa
Subdivisão de assunto Conto
Código do sistema CA
675 ## - Classificação Decimal Universal (CDU)
Notação 821.134.3-34
Edição 3ª ed.
Língua da edição por
702 #1 - Nome de autor-pessoa física (responsabilidade secundária)
Número de registo de entrada de autoridade 0002309
Palavra de ordem Florêncio
Outra parte do nome não tomada para palavra de ordem Violante
Código de função Autor da introdução / Prefaciador
Número de registo de entrada de autoridade 0002310
Palavra de ordem Morão
Outra parte do nome não tomada para palavra de ordem Paula
Datas 1951-
Código de função Editor literário / Coordenador
700 #1 - Nome de autor-pessoa física (responsabilidade principal)
Número de registo de entrada de autoridade 0002308
Palavra de ordem Lisboa
Outra parte do nome não tomada para palavra de ordem Irene
Datas 1892-1958
966 ## - Identificação da Biblioteca
Sigla EB2,3ENM
942 ## - Elementos de entrada adicionados (Koha)
Tipo de item no Koha Livro
Exemplares
Situação do levantamento Origin of item (home branch) (coded) Biblioteca de empréstimo Código de barras Cota Circulation type (not for loan) Tipo de documento Nota do exemplar Damaged status
  Biblioteca Escolar Eng. Nuno Mergulhão Biblioteca Escolar Eng. Nuno Mergulhão BENM944 82LP-34 LIS MET   Livro Sem mensagem